Loading...
| Fine Arts - Other | 0 | 10 | 2 | 0 | 90 | 55 | 94.80 | 2 | 4 | 0.00 | 0.00 |
| Fine Arts - Painting & Sculpture | 0 | 8 | 1 | 1 | 75 | 87 | 118.38 | 0 | 2 | 0.00 | 0.00 |
| History - American | 0 | 5 | 0 | 2 | 50 | 118 | 129.20 | 0 | 0 | 0.00 | 0.00 |
| History - European | 0 | 6 | 4 | 0 | 40 | 95 | 114.50 | 0 | 0 | 0.00 | 0.00 |
| Literature - British | 0 | 3 | 0 | 0 | 30 | 100 | 103.33 | 0 | 0 | 0.00 | 0.00 |
| Literature - European | 0 | 3 | 0 | 0 | 30 | 64 | 94.67 | 1 | 2 | 0.00 | 0.00 |
| Philosophy | 0 | 2 | 0 | 0 | 20 | 127 | 136.50 | 0 | 0 | 0.00 | 0.00 |
| Other Academic | 0 | 2 | 0 | 0 | 20 | 100 | 118.00 | 0 | 0 | 0.00 | 0.00 |
| History - Other | 0 | 4 | 4 | 1 | 20 | 99 | 120.50 | 0 | 1 | 0.00 | 0.00 |
| Social Science | 0 | 2 | 1 | 1 | 15 | 113 | 123.50 | 0 | 0 | 0.00 | 0.00 |
| History - World | 0 | 2 | 1 | 1 | 15 | 98 | 119.00 | 0 | 0 | 0.00 | 0.00 |
| Literature - World | 0 | 1 | 0 | 0 | 10 | 120 | 120.00 | 0 | 0 | 0.00 | 0.00 |
| Religion | 0 | 1 | 0 | 0 | 10 | 139 | 139.00 | 0 | 0 | 0.00 | 0.00 |
| Geography | 0 | 1 | 1 | 0 | 5 | 60 | 60.00 | 0 | 1 | 0.00 | 0.00 |
| Fine Arts - Classical Music | 0 | 1 | 3 | 0 | -5 | 105 | 105.00 | 0 | 0 | 0.00 | 0.00 |
| Current Events | 0 | 0 | 1 | 0 | -5 | 0.00 | 0 | 0 | 0.00 | 0.00 |